Epistolario J. Costa-M. Bescós, 1899-1910 : (Record no. 49514)

MARC details
000 -LEADER
campo de control de longitud fija 01307nam a2200325 i 4500
001 - NÚMERO DE CONTROL
campo de control 49514
003 - IDENTIFICADOR DE NÚMERO DE CONTROL
campo de control ES-MaACL
005 - FECHA Y HORA DE LA ÚLTIMA TRANSACCIÓN
campo de control 20230906162005.0
007 - CAMPO FIJO DE DESCRIPCIÓN FÍSICA--INFORMACIÓN GENERAL
campo de control de longitud fija t|
008 - DATOS DE LONGITUD FIJA--INFORMACIÓN GENERAL
campo de control de longitud fija 030717s1979 sp ||||1| spa d
020 ## - NÚMERO INTERNACIONAL ESTÁNDAR DEL LIBRO
Número Internacional Estándar del Libro 84-00-04397-9
080 ## - NÚMERO DE LA CLASIFICACIÓN DECIMAL UNIVERSAL
Número de la Clasificación Decimal Universal 929 Costa, Joaquín
080 ## - NÚMERO DE LA CLASIFICACIÓN DECIMAL UNIVERSAL
Número de la Clasificación Decimal Universal 929 Bescós, Manuel
100 1# - ENTRADA PRINCIPAL--NOMBRE DE PERSONA
Nombre de persona Costa, Joaquín,
Fechas asociadas al nombre 1846-1911
9 (RLIN) 41054
245 10 - MENCIÓN DEL TÍTULO
Título Epistolario J. Costa-M. Bescós, 1899-1910 :
Resto del título confidencias políticas y personales /
Mención de responsabilidad, etc. [edición, introducción y notas] G.J.G. Cheyne.
260 ## - PUBLICACIÓN, DISTRIBUCIÓN, ETC.
Lugar de publicación, distribución, etc. Zaragoza :
Nombre del editor, distribuidor, etc. Institución "Fernando el Católico",
Fecha de publicación, distribución, etc. [1979]
300 ## - DESCRIPCIÓN FÍSICA
Extensión 214 p. 3 h. de lám. ;
Dimensiones 22 cm.
490 1# - MENCIÓN DE SERIE
Mención de serie Temas aragoneses ;
Designación de volumen o secuencia 22
490 1# - MENCIÓN DE SERIE
Mención de serie Publicación de la Institución "Fernando el Católico" ;
Designación de volumen o secuencia 702
594 ## - Nota al título y mención de responsabilidad
Nota al título y mención de responsabilidad Silvio Kossti es seud. de Manuel Bescós Almudévar, discípulo y amigo de Joaquín Costa.
600 14 - PUNTO DE ACCESO ADICIONAL DE MATERIA--NOMBRE DE PERSONA
Nombre de persona Costa, Joaquín
Fechas asociadas al nombre 1846-1911-
Subdivisión de forma Correspondencia
9 (RLIN) 41056
600 14 - PUNTO DE ACCESO ADICIONAL DE MATERIA--NOMBRE DE PERSONA
Nombre de persona Kossti, Silvio.
9 (RLIN) 68639
700 1# - ENTRADA AGREGADA--NOMBRE PERSONAL
Nombre de persona Kossti, Silvio.
9 (RLIN) 68639
700 1# - ENTRADA AGREGADA--NOMBRE PERSONAL
Nombre de persona Cheyne, George J. G.
9 (RLIN) 38445
710 2# - ENTRADA AGREGADA--NOMBRE DE ENTIDAD CORPORATIVA
Nombre de entidad corporativa o nombre de jurisdicción como elemento de entrada Institución "Fernando el Católico"
9 (RLIN) 4721
830 1# - PUNTO DE ACCESO ADICIONAL DE SERIE-TÍTULO UNIFORME
Título uniforme Temas aragoneses ;
Designación de volumen o secuencia 22
9 (RLIN) 187111
830 10 - PUNTO DE ACCESO ADICIONAL DE SERIE-TÍTULO UNIFORME
Título uniforme Publicación ... de la Institución Fernando el Católico
Designación de volumen o secuencia 702
9 (RLIN) 233871
852 ## - LOCALIZACIÓN
Ubicación ES-MaACL
Número de control de estantería L-10830
Holdings
Estatus retirado Estado de pérdida Estado de daño No para préstamo Biblioteca de origen Biblioteca actual Ubicación en estantería Fecha de adquisición Fuente de adquisición Total de préstamos Signatura topográfica completa Código de barras Visto por última vez Precio de reemplazo Tipo de ítem Koha
        Biblioteca del Ateneo de Madrid Biblioteca del Ateneo de Madrid Depósito 2 17/01/2008     L-10830 1052100 23/02/2023 23/02/2023 Libro impreso